Statistiken für Top 10 der meisten afroamerikanischen US-Bundesstaaten

Klicken Sie hier um das Quiz zu spielen!

Allgemein

  • Dieses Quiz wurde 231 mal gespielt
  • Das Durchschnittsergebnis liegt bei 7 aus 10

Antwortstatistiken

%Bundesstaat% Korrekt
38,0Mississippi
85%
26,9Alabama
84%
31,9Georgia
82%
26,5South Carolina
80%
21,5North Carolina
75%
32,4Louisiana
73%
19,4Virginia
70%
16,7Tennessee
58%
30,3Maryland
32%
22,5Delaware
22%

Verteilung der Resultate

Perzentil nach korrekt beantworteten Fragen

Anzahl Personen mit jedem Resultat

Ihre Resultats-Entwicklung

Sie haben dieses Quiz noch nicht gespielt